=LDR 00000nam 2200000 4500 =001 INLIS000000000025920 =005 20130612124407 =008 ***********************************Ind** =035 ##$$0010-061300000025920 =041 ##$$a Ind =082 ##$$a 811 =090 ##$$a 811, Suy a =100 ##$$a Suyatno, Suyono =245 ##$$a Antologi puisi indonesai medern anak- anak, Suyono suyatno =260 ##$$a 2003 $b Jakarta =300 ##$$a 95 hlm, m =650 ##$$a Puisi =850 ##$$a NBPNMAT